000 00417nam a2200145Ia 4500
008 100122s9999 xx 000 0 und d
082 _b18665
_a823
100 _aकेळकर न चिं
245 _aबलिदान
260 _bमनोहर ग्रंथमाला प्रकाशन
_c1937
300 _a324
630 _aबलिदान
730 _aबलिदान
942 _cBOOK
999 _c408032
_d408029